000 00339nam a2200145Ia 4500
008 150201s2008 xx 000 0 und d
082 _a617.645
_bP2008C
100 _aCAMERON
245 _aHANDBOOK OF PEDIATRIC DENTISTRY
250 _a3RD
260 _bMOSBY
_aDELHI
_c2008
300 _a1-480
650 _aPEDODONTICS
942 _2ddc
_cBK
999 _c4119
_d4119